| 000 | 01028nas a2200349 4500 | ||
|---|---|---|---|
| 001 | BR2013006804 | ||
| 003 | BR-BrBNA | ||
| 005 | 20231205122833.0 | ||
| 007 | ta | ||
| 008 | 230509b bl.|||p| |||| 00| 00por d | ||
| 040 |
_aBR-BrBNA _bpor _cBiblioteca Nacional de Agricultura |
||
| 041 | _a(Pt) | ||
| 072 | _aL02 | ||
| 100 | 1 | _aBarth Neto, A. | |
| 100 | 1 | _aCarvalho, P.C. de F. | |
| 100 | 1 | _aLemaire, G. | |
| 100 | 1 | _aSbrissi, A.F. | |
| 100 | 1 | _aCanto, M.W. do | |
| 100 | 1 | _aSavian, J.V. | |
| 100 | 1 | _aAmaral, G.A. do | |
| 100 | 1 | _aBremm, C. | |
| 245 | 1 | _aPerfilhamento em pastagens de azevém em sucessão a soja ou milho, sob diferentes métodos e intensidades de pastejo | |
| 650 | _aOVINO | ||
| 650 | _aAZEVÉM | ||
| 650 | _aLOLIUM | ||
| 650 | _aPASTEJO | ||
| 650 | _aPERFILHAÇÃO | ||
| 650 | _aFORRAGEM | ||
| 773 | 0 |
_tPesquisa Agropecuária Brasileira (Brazil) _xISSN 0100-204X _g(Mar 2013), v. 48(3) p. 329-338 _wBR2013006804 |
|
| 909 |
_a202311 _bLúcia _c55 _dLúcia Elande |
||
| 942 |
_2AGRIS _n0 _cANA |
||
| 999 |
_c230845 _d230845 |
||